| 000 | 00491 a2200157 4500 | ||
|---|---|---|---|
| 020 | _a9780590619684 (pbk.) | ||
| 020 | _a0590619683 (pbk.) | ||
| 041 | _aspa | ||
| 100 | _aBradley, Lourdes | ||
| 245 | _aEl viento travieso / texto, Lourdes Bradley ; ilustraciones, Martha Aviles. | ||
| 260 | _aNew York : Scholastic, 1994. | ||
| 300 |
_a22 pages : color illustrations ; _c19 cm |
||
| 500 | _aTarget Audience: Taller intensivo de espanol Level 3. | ||
| 700 | 1 | 0 | _aAviles, Martha |
| 942 | _cBK | ||
| 999 |
_c8822 _d8822 |
||